| 000 | 01382cam a2200325 i 4500 | ||
|---|---|---|---|
| 999 |
_c10556 _d10556 |
||
| 001 | 10556 | ||
| 003 | Mx-PuUPA | ||
| 005 | 20200518114718.0 | ||
| 008 | 140415s1993 mx a r 000 0 spa d | ||
| 020 | _a970611324X (obra completa edición mexicana) | ||
| 040 |
_aMX-PuUPA _bspa _erda _cMx-PuUPA _dMx-PuUPA |
||
| 041 | 0 | _aspa | |
| 245 | 0 | 0 |
_aTodo el universo / _cdirección de la obra Julia Millan, Tomás Rodríguez Couto ; equipo editorial Andreu Collell [y otros tres] ; redacción y corrección Sergio Aguilar, Susana Andrés, Pilar Anglada [y otros nueve] ; ilustración Pepita Casals. |
| 264 | 1 |
_a[México, D.F.] : _bHachete Latinoamérica, Salvat Editores, _c1993 |
|
| 300 |
_a16 volúmenes (paginación varía) : _bilustraciones ; _c29 cm. |
||
| 336 |
_atexto _2rdacontent _btxt |
||
| 337 |
_asin medio _2rdamedia _bn |
||
| 338 |
_avolumen _2rdacarrier _bnc |
||
| 650 | 4 | _aEnciclopedias y diccionarios para niños, español | |
| 650 | 4 | _aEnciclopedias y diccionarios, español | |
| 700 | 1 |
_aMillan, Julia, _edirector |
|
| 700 | 1 |
_aRodríguez Couto, Tomás, _edirector |
|
| 700 | 1 |
_aCollell, Andreu, _eeditor |
|
| 700 | 1 |
_aAguilar, Sergio, _ecolaborador |
|
| 700 | 1 |
_aAndrés, Susana, _bcolaborador |
|
| 700 | 1 |
_aAnglada, Pilar, _ncolaborador |
|
| 700 | 1 |
_aCasals, Pepita, _eilustrador |
|
| 942 |
_2ddc _cLI _h523.1 _iT633 |
||